| 000 | 00551nam a22001577a 4500 | ||
|---|---|---|---|
| 003 | OSt | ||
| 005 | 20151104084238.0 | ||
| 008 | 151104b xxu||||| |||| 00| 0 eng d | ||
| 040 | _cRUA | ||
| 082 | _aFORច័ន្ទ 1995 B121 Or.1 | ||
| 100 |
_93301 _aច័ន្ទ ប៉ុណ្ណិកា |
||
| 245 | _aសិក្សាកម្មវិធីអភិវឌ្ឍន៍ព្រៃឈើតាមរូបភាពសហគមន៍ព្រៃឈើ | ||
| 260 |
_aPhnom Penh _bRUA _c1995 |
||
| 300 |
_a66p. _bill. _c29cm. |
||
| 942 |
_2ddc _cFOR |
||
| 999 |
_c3081 _d3081 |
||